000 00297nam a2200109Ia 4500
001 1275979
005 20260417160438.0
008 260417s9999 xx 000 0 und d
020 _a9786256698215
245 0 _aIbn Tufayl Alone on the Island of One’s Mind
_cÖzkan Öze
260 _bKetebe Çocuk
999 _c1275979
_d1275979